[Event "Capablanca Memorial op-B 45th"]
[Site "Havana"]
[Date "2011.05.18"]
[Round "7"]
[White "De la Torre Morales, Julio Danil"]
[Black "Perez Torres, Youset"]
[Result "1-0"]
[WhiteElo "2119"]
[BlackElo "2013"]
[PlyCount "63"]
[EventDate "2011.05.11"]
[EventType "swiss"]
[EventRounds "7"]
[EventCountry "CUB"]
[SourceTitle "CBM 142 Extra"]
[Source "ChessBase"]
[SourceDate "2011.06.27"]
[SourceVersion "1"]
[SourceVersionDate "2011.06.27"]
[SourceQuality "1"]

1. c4 c5 2. Nf3 Nc6 3. d4 cxd4 4. Nxd4 g6 5. e4 Bg7 6. Be3 Nf6 7. Nc3 d6 8. Be2 0-0 9. 0-0 Bd7 10. h3 Nxd4 11. Bxd4 Bc6 12. Qd3 Nd7 13. Bxg7 Kxg7 14. Qd4+ Kg8 15. b4 b6 16. Rad1 Qc7 17. f4 Rad8 18. Nd5 Bxd5 19. exd5 a5 20. a3 Ra8 21. Rf3 axb4 22. axb4 Ra4 23. Rb1 Ra2 24. Re3 Nf6 25. g4 Ne8 26. Qe4 Ra7 27. Re1 Ng7 28. Bd3 Re8 29. f5 Raa8 30. h4 Qd7 31. h5 Kh8 32. h6 1-0

[Event "Havana del Este"]
[Site "Havana"]
[Date "2009.09.09"]
[Round "2"]
[White "Torrez Uriarte, Reinier"]
[Black "Perez Torres, Youset"]
[Result "1-0"]
[WhiteElo "1789"]
[BlackElo "2040"]
[PlyCount "71"]
[EventDate "2009.09.08"]
[EventType "tourn"]
[EventRounds "22"]
[EventCountry "CUB"]
[SourceTitle "EXT 2011"]
[Source "ChessBase"]
[SourceDate "2010.11.26"]
[SourceVersion "1"]
[SourceVersionDate "2010.11.26"]
[SourceQuality "1"]

1. e4 c5 2. Nf3 d6 3. d4 cxd4 4. Nxd4 Nf6 5. Nc3 g6 6. Be3 Bg7 7. f3 0-0 8. Bc4 Nc6 9. Qd2 Bd7 10. h4 Rc8 11. Bb3 h5 12. 0-0-0 Ne5 13. Bg5 Rc5 14. Kb1 Nc4 15. Qd3 Ne5 16. Qd2 Re8 17. Bh6 Nc4 18. Bxc4 Rxc4 19. Bxg7 Kxg7 20. g4 Rh8 21. g5 Ne8 22. Qd3 Rc8 23. Rhe1 Nc7 24. Rd2 Re8 25. f4 Bg4 26. f5 a6 27. Rf1 b5 28. Nc6 Qd7 29. Nxe7 Rxe7 30. f6+ Kg8 31. fxe7 b4 32. Nd5 Nxd5 33. Qxd5 Qxe7 34. Qxd6 Qxe4 35. Qf6 Be6 36. Rfd1 1-0

[Event "Havana"]
[Site "Havana"]
[Date "2009.07.02"]
[Round "11"]
[White "Gonzalez Vega, Alejandro"]
[Black "Perez Torres, Youset"]
[Result "1/2-1/2"]
[WhiteElo "2210"]
[BlackElo "2080"]
[PlyCount "39"]
[EventDate "2009.06.22"]
[EventType "tourn"]
[EventRounds "15"]
[EventCountry "CUB"]
[EventCategory "1"]
[SourceTitle "CBM 131 Extra"]
[Source "ChessBase"]
[SourceDate "2009.09.03"]
[SourceVersion "2"]
[SourceVersionDate "2009.09.16"]
[SourceQuality "1"]

1. d4 d5 2. c4 c6 3. Nc3 Nf6 4. e3 e6 5. Nf3 Bd6 6. Bd3 Nbd7 7. e4 dxe4 8. Nxe4 Nxe4 9. Bxe4 Nf6 10. Bc2 h6 11. 0-0 0-0 12. b3 b6 13. Bb2 Bb7 14. Qd3 Re8 15. Rad1 Qe7 16. Ne5 Rad8 17. Rfe1 c5 18. Qe2 cxd4 19. Bxd4 Bb4 20. Rf1 1/2-1/2

[Event "Havana"]
[Site "Havana"]
[Date "2009.06.25"]
[Round "4"]
[White "Fernandez Hernandez, Arturo Augusto"]
[Black "Perez Torres, Youset"]
[Result "1-0"]
[WhiteElo "2289"]
[BlackElo "2080"]
[PlyCount "83"]
[EventDate "2009.06.22"]
[EventType "tourn"]
[EventRounds "15"]
[EventCountry "CUB"]
[EventCategory "1"]
[SourceTitle "CBM 131 Extra"]
[Source "ChessBase"]
[SourceDate "2009.09.03"]
[SourceVersion "2"]
[SourceVersionDate "2009.09.16"]
[SourceQuality "1"]

1. e4 c5 2. Nf3 d6 3. d4 cxd4 4. Nxd4 Nf6 5. Nc3 a6 6. Bc4 e6 7. 0-0 Be7 8. Bg5 Qc7 9. Bb3 Nc6 10. Re1 Nxd4 11. Qxd4 0-0 12. Rad1 Rd8 13. a4 b6 14. Re3 Rb8 15. Rg3 Ne8 16. Ne2 Bxg5 17. Rxg5 Qe7 18. Rg3 Bd7 19. Qd3 b5 20. a5 Bc6 21. Rh3 Nf6 22. f3 h6 23. Qe3 Qc7 24. g4 Nh7 25. Ra1 Ba8 26. Kh1 d5 27. e5 Qe7 28. Nd4 Re8 29. Re1 f6 30. Rh5 Ng5 31. h4 fxe5 32. hxg5 exd4 33. Qe5 Qf7 34. Kg2 hxg5 35. Reh1 Qf6 36. Qc7 Qe7 37. Qxe7 Rxe7 38. Rh8+ Kf7 39. Rxb8 Bb7 40. Rhh8 Kf6 41. Rbf8+ Ke5 42. Rh5 1-0

[Event "Havana"]
[Site "Havana"]
[Date "2009.06.23"]
[Round "2"]
[White "Diaz Hernandez, Heriberto"]
[Black "Perez Torres, Youset"]
[Result "0-1"]
[WhiteElo "2241"]
[BlackElo "2080"]
[PlyCount "68"]
[EventDate "2009.06.22"]
[EventType "tourn"]
[EventRounds "15"]
[EventCountry "CUB"]
[EventCategory "1"]
[SourceTitle "CBM 131 Extra"]
[Source "ChessBase"]
[SourceDate "2009.09.03"]
[SourceVersion "2"]
[SourceVersionDate "2009.09.16"]
[SourceQuality "1"]

1. e4 c5 2. Nf3 d6 3. d4 cxd4 4. Nxd4 Nf6 5. Nc3 a6 6. Be3 e5 7. Nf3 Be7 8. Bc4 0-0 9. 0-0 Be6 10. Qd3 h6 11. Rfd1 Qc7 12. Nd5 Bxd5 13. Bxd5 Nxd5 14. Qxd5 Nd7 15. c4 Nf6 16. Qd3 b5 17. cxb5 axb5 18. Qxb5 Rfb8 19. Qe2 Qb7 20. Nd2 Qxb2 21. Qe1 Qc2 22. Rdc1 Qa4 23. Nc4 Ra6 24. f3 d5 25. exd5 Nxd5 26. Bf2 Re6 27. Qd1 Qa8 28. a4 e4 29. fxe4 Rxe4 30. Qf3 Rf4 31. Qh3 Bf6 32. Nb6 Nxb6 33. Rab1 Rxf2 34. Kxf2 Bd4+ 0-1

[Event "Havana Municipal Plaza"]
[Site "Havana"]
[Date "2007.11.09"]
[Round "5"]
[White "Figueroa Viart, Mario Roberto"]
[Black "Perez Torres, Youset"]
[Result "0-1"]
[WhiteElo "2163"]
[BlackElo "2082"]
[PlyCount "100"]
[EventDate "2007.11.05"]
[EventType "tourn"]
[EventRounds "14"]
[EventCountry "CUB"]
[SourceTitle "EXT 2019"]
[Source "ChessBase"]
[SourceDate "2018.10.10"]
[SourceVersion "1"]
[SourceVersionDate "2018.10.10"]
[SourceQuality "1"]

1. d4 d5 2. Nf3 Nf6 3. c4 e6 4. Nc3 Be7 5. Bg5 Nbd7 6. e3 0-0 7. Bd3 c6 8. 0-0 b6 9. cxd5 cxd5 10. Qc2 Bb7 11. Ne5 h6 12. Bf4 Nxe5 13. Bxe5 a6 14. Qe2 Ne4 15. Qg4 Nf6 16. Qg3 Nh5 17. Qh3 Nf6 18. Rac1 Rc8 19. f4 Ne4 20. Bxe4 dxe4 21. f5 f6 22. Bf4 b5 23. Bxh6 gxh6 24. Qg4+ Kh8 25. Qg6 Qe8 26. Qxh6+ Kg8 27. Rf4 exf5 28. Rh4 Kf7 29. Qh7+ Ke6 30. Rf1 Kd7 31. Qxf5+ Kc7 32. d5 Kb8 33. Rxe4 Qd8 34. a3 Bd6 35. Re6 Be5 36. e4 Qc7 37. h4 Ka8 38. Rf3 Rg8 39. g4 Qc4 40. g5 Bxc3 41. bxc3 fxg5 42. hxg5 Qc5+ 43. Kg2 Qxa3 44. g6 Qb2+ 45. Rf2 Qxc3 46. Re7 Rb8 47. Qe6 Bc8 48. Rff7 Qd2+ 49. Kf1 Qd1+ 50. Kg2 Qe2+ 0-1

[Event "Havana Municipal Plaza"]
[Site "Havana"]
[Date "2007.11.07"]
[Round "3"]
[White "Fernandez Guillen, Ernesto J"]
[Black "Perez Torres, Youset"]
[Result "1/2-1/2"]
[WhiteElo "2129"]
[BlackElo "2082"]
[PlyCount "23"]
[EventDate "2007.11.05"]
[EventType "tourn"]
[EventRounds "14"]
[EventCountry "CUB"]
[SourceTitle "EXT 2019"]
[Source "ChessBase"]
[SourceDate "2018.10.10"]
[SourceVersion "1"]
[SourceVersionDate "2018.10.10"]
[SourceQuality "1"]

1. e4 e5 2. Nf3 Nf6 3. Nxe5 d6 4. Nf3 Nxe4 5. Qe2 Qe7 6. d3 Nf6 7. Bg5 Qxe2+ 8. Bxe2 Be7 9. Nc3 c6 10. 0-0 0-0 11. Rfe1 d5 12. h3 1/2-1/2